[Event "Challenge"]
[Site "http://www.queenalice.com/game.php?id=777222"]
[Date "2010.5.18"]
[Round "-"]
[White "caterina"]
[Black "neromann"]
[Result "1-0"]
[WhiteElo "2229"]
[BlackElo "2217"]

1. e4 c5 2. Nc3 e6 3. Nf3 d5 4. exd5 exd5 5. Bb5+ Nc6 6. O-O Nf6 7. d4 Be7 8.
Ne5 Qb6 9. dxc5 Qxc5 10. Be3 Qd6 11. Bf4 Qc5 12. Qe2 a6 13. Be3 Qd6 14. Bxc6+
bxc6 15. Bf4 Qe6 16. Rfe1 O-O 17. Nxc6 Qxc6 18. Qxe7 Bf5 19. Qe3 Bxc2 20. Be5
Ng4 21. Qd2 Be4 22. Bg3 Nf6 23. Bh4 Rad8 24. Rad1 Bg6 25. Qd4 Rfe8 26. Rxe8+
Rxe8 27. h3 Bh5 28. f3 Rb8 29. Bxf6 gxf6 30. Nxd5 Kg7 31. g4 Bg6 32. g5 Rd8 33.
gxf6+ Kh8 34. Qf4 Qc5+ 35. Kg2 Bd3 36. Ne3 Rg8+ 37. Kf2 Bb5 38. Rg1 Rxg1 39.
Kxg1 Qc1+ 40. Kf2 Qd2+ 41. Kg3 Qd8 42. Ng4 Qf8 43. Nh6 a5 44. Qc7 Be8 45. Qd8 a4
46. a3 1-0

[Event "Challenge"]
[Site "http://www.queenalice.com/game.php?id=779118"]
[Date "2010.5.22"]
[Round "-"]
[White "caterina"]
[Black "elrey"]
[Result "1-0"]
[WhiteElo "2207"]
[BlackElo "2298"]

1. e4 e5 2. Nf3 Nc6 3. Bb5 a6 4. Bxc6 dxc6 5. O-O Qd6 6. Na3 b5 7. c3 c5 8. Nc2
Bb7 9. Re1 Ne7 10. a4 c4 11. axb5 axb5 12. Rxa8+ Bxa8 13. b3 cxb3 14. Na3 c6 15.
Qxb3 Ng6 16. d4 Be7 17. Nc2 O-O 18. Ba3 Qd7 19. Bxe7 Qxe7 20. Ne3 exd4 21. Nf5
Qe6 22. Qxe6 fxe6 23. N5xd4 Nf4 24. Ne5 c5 25. Nxb5 Rb8 26. c4 Ng6 27. Nxg6 hxg6
28. f3 Bc6 29. Nc7 1-0

[Event "Challenge"]
[Site "http://www.queenalice.com/game.php?id=780876"]
[Date "2010.5.26"]
[Round "-"]
[White "JCOELHO"]
[Black "caterina"]
[Result "0-1"]
[WhiteElo "2010"]
[BlackElo "2022"]

1. e4 e5 2. Nf3 Nc6 3. d4 exd4 4. Nxd4 Nf6 5. Bb5 Bc5 6. Be3 Nxe4 7. Bxc6 dxc6
8. O-O O-O 9. f3 Nd6 10. Nc3 Nc4 11. b3 Nxe3 12. Qd2 Nxf1 13. Kxf1 Qxd4 14. Rd1
Qg1+ 15. Ke2 Re8+ 16. Ne4 Rxe4+ 17. fxe4 Bg4+ 18. Kd3 Qd4# 0-1

[Event "Challenge"]
[Site "http://www.queenalice.com/game.php?id=780878"]
[Date "2010.5.26"]
[Round "-"]
[White "caterina"]
[Black "JCOELHO"]
[Result "1-0"]
[WhiteElo "2054"]
[BlackElo "2010"]

1. e4 g6 2. Nc3 Bg7 3. Nf3 Nf6 4. e5 Ng4 5. d4 d5 6. h3 Nh6 7. Bf4 Nc6 8. Qd2
O-O 9. Bxh6 f6 10. Bxg7 Kxg7 11. Bb5 Bd7 12. exf6+ Rxf6 13. Nxd5 Rf5 14. Bxc6
Bxc6 15. Ne3 Rf7 16. Ng5 Rf8 17. Ne6+ Kf7 18. Nxd8+ Raxd8 19. d5 e6 20. dxe6+
Kxe6 21. Qc3 Kf7 22. Ng4 Rde8+ 23. Kd2 Bxg2 24. Qf6+ Kg8 25. Nh6# 1-0

[Event "Challenge"]
[Site "http://www.queenalice.com/game.php?id=807048"]
[Date "2010.7.23"]
[Round "-"]
[White "caterina"]
[Black "foudangereux"]
[Result "1/2-1/2"]
[WhiteElo "2264"]
[BlackElo "2316"]

1. e4 e5 2. Nf3 Nc6 3. Nc3 Nf6 4. d4 exd4 5. Nxd4 Bb4 6. Nxc6 bxc6 7. Bd3 d5 8.
exd5 cxd5 9. Qe2+ Be7 10. Bf4 O-O 11. O-O c6 12. h3 Be6 13. Rfe1 Re8 14. a3 g6
15. Qf3 d4 16. Ne4 Bd5 17. Bd2 Nxe4 18. Bxe4 f5 19. Bxd5+ Qxd5 20. Qxd5+ cxd5
21. Kf1 Bf6 22. Rxe8+ Rxe8 23. b4 Kf7 24. a4 d3 25. Ra2 dxc2 26. Rxc2 a6 27. Rc6
Re6 28. Rc7+ Re7 29. Rc5 d4 30. a5 Re6 31. b5 axb5 32. Rxb5 h5 33. Bb4 h4 34.
Rb6 Rxb6 35. axb6 Be5 36. b7 Ke6 37. Bc5 Bb8 38. Bxd4 Kd5 39. Bf6 Kc6 40. Ke2
Kxb7 41. Kd3 Kc6 42. Kc4 Ba7 43. Bxh4 Kd6 44. Bg3+ Ke6 45. f3 g5 46. Bc7 f4 47.
Ba5 Bf2 48. Bb4 Kf5 49. Kd5 Be3 50. Ba5 Bf2 51. Bc3 1/2-1/2

[Event "Challenge #01"]
[Site "http://www.queenalice.com/game.php?id=807521"]
[Date "2010.7.23"]
[Round "-"]
[White "Aylton"]
[Black "caterina"]
[Result "0-1"]
[WhiteElo "2042"]
[BlackElo "2165"]

1. d4 d5 2. Nf3 Nf6 3. e3 g6 4. c4 Bg7 5. Nc3 O-O 6. h3 Nc6 7. a3 Bf5 8. Bd3
dxc4 9. Bxc4 Na5 10. Ba2 c5 11. O-O Rc8 12. dxc5 Rxc5 13. Qxd8 Rxd8 14. Bd2 Nc4
15. Bxc4 Rxc4 16. Rfc1 Rcc8 17. Nd4 Bd3 18. f3 e5 19. Nc2 Bh6 20. Kf2 Bg5 21. g3
Bf5 22. Ke2 Bxh3 23. Be1 Bf5 24. Nb4 a5 25. Nba2 Be6 26. f4 Bh6 27. b4 Bc4+ 28.
Kf3 a4 29. Rd1 e4+ 30. Nxe4 Nxe4 31. Kxe4 Rxd1 0-1

[Event "Challenge #02"]
[Site "http://www.queenalice.com/game.php?id=807522"]
[Date "2010.7.23"]
[Round "-"]
[White "caterina"]
[Black "Aylton"]
[Result "0-1"]
[WhiteElo "2181"]
[BlackElo "2058"]

1. e4 c5 2. Nc3 Nc6 3. Nf3 e6 4. Bb5 Nge7 5. d4 cxd4 6. Nxd4 Nxd4 7. Qxd4 a6 8.
Be2 Nc6 9. Qd3 Be7 10. a3 O-O 11. O-O b5 12. Bf4 e5 13. Be3 Bb7 14. Rfd1 Bc8 15.
Nd5 Rb8 16. Nxe7+ Qxe7 17. a4 Rd8 18. axb5 axb5 19. Qd6 Qxd6 20. Rxd6 f6 21. f3
Kf7 22. Kf2 h6 23. h4 g5 24. h5 Nb4 25. c3 Nc2 26. Ba7 Nxa1 27. Bxb8 Nb3 28.
Bxb5 Ke7 29. Rb6 Na5 30. Bd6+ Kf7 31. Bc4+ Nxc4 0-1

[Event "Challenge #03"]
[Site "http://www.queenalice.com/game.php?id=817358"]
[Date "2010.8.12"]
[Round "-"]
[White "Aylton"]
[Black "caterina"]
[Result "0-1"]
[WhiteElo "1967"]
[BlackElo "2152"]

1. d4 d5 2. Nf3 Nc6 3. e3 Bf5 4. a3 Nf6 5. h3 e6 6. c4 Bd6 7. Nc3 O-O 8. cxd5
exd5 9. Bb5 Re8 10. Bxc6 bxc6 11. O-O h6 12. Bd2 a5 13. Rc1 Qb8 14. Na4 Qb5 15.
Re1 Ne4 16. g4 Bd7 17. Kg2 h5 18. g5 Bxh3+ 19. Kg1 Bg4 0-1

[Event "Challenge #04"]
[Site "http://www.queenalice.com/game.php?id=817360"]
[Date "2010.8.12"]
[Round "-"]
[White "caterina"]
[Black "Aylton"]
[Result "1-0"]
[WhiteElo "2163"]
[BlackElo "1964"]

1. e4 e6 2. Nf3 d5 3. exd5 exd5 4. d4 Nf6 5. Bb5+ c6 6. Bd3 Be7 7. O-O O-O 8.
Nc3 a6 9. Bf4 Nbd7 10. Re1 Bb4 11. a3 Bxc3 12. bxc3 b5 13. Qd2 Bb7 14. Nh4 g6
15. Bh6 Re8 16. Nf5 Rxe1+ 17. Rxe1 Ng4 18. Qf4 Nxh6 19. Nxh6+ Kg7 20. Qxf7+ Kxh6
21. Re7 Nf8 22. Qf4+ g5 23. Qxf8+ 1-0

[Event "Challenge"]
[Site "http://www.queenalice.com/game.php?id=817724"]
[Date "2010.8.13"]
[Round "-"]
[White "caterina"]
[Black "eddval"]
[Result "1-0"]
[WhiteElo "2173"]
[BlackElo "2142"]

1. e4 e5 2. Nc3 Bc5 3. Nf3 Nf6 4. Nxe5 Nc6 5. Nf3 Qe7 6. d4 Bb4 7. e5 Ne4 8. Bd2
Nxd2 9. Qxd2 d6 10. O-O-O O-O 11. a3 Bxc3 12. Qxc3 dxe5 13. Nxe5 Nxe5 14. dxe5
Be6 15. f4 f6 16. Bc4 Qf7 17. Bxe6 Qxe6 18. Qxc7 Rfc8 19. Qxb7 Qf5 20. Qb3+ Kh8
21. e6 Rab8 22. e7 Qxf4+ 23. Kb1 Qc7 24. Rhe1 h6 25. Qa4 Re8 26. Qd7 Qxd7 27.
Rxd7 a5 28. Red1 Kg8 29. Rd8 Kf7 30. Rxb8 1-0

[Event "Challenge"]
[Site "http://www.queenalice.com/game.php?id=817725"]
[Date "2010.8.13"]
[Round "-"]
[White "caterina"]
[Black "eddval"]
[Result "1-0"]
[WhiteElo "2191"]
[BlackElo "2155"]

1. d4 Nf6 2. Nc3 e6 3. Nf3 Bb4 4. g3 d6 5. Bg2 Nbd7 6. O-O Bxc3 7. bxc3 O-O 8.
Re1 h6 9. e4 e5 10. Qd3 Re8 11. a4 a5 12. Ba3 b6 13. Nh4 g6 14. Qd2 Kg7 15. Bc1
Ng8 16. Qe3 Bb7 17. Bd2 Qe7 18. Rab1 Bc6 19. Qd3 Ndf6 20. Ra1 Qd7 21. d5 Bxa4
22. c4 Reb8 23. f4 Qe8 24. fxe5 dxe5 25. Nf3 Nd7 26. Qe3 Nc5 27. Nxe5 Qxe5 28.
Bc3 Re8 29. Bxe5+ Rxe5 30. d6 cxd6 31. Red1 Rd8 32. Qc3 f6 33. Qb2 Rb8 34. Rxd6
Ne7 35. Rf1 Nd7 36. Rdxf6 1-0

[Event "Challenge"]
[Site "http://www.queenalice.com/game.php?id=827371"]
[Date "2010.9.3"]
[Round "-"]
[White "eddval"]
[Black "caterina"]
[Result "0-1"]
[WhiteElo "2117"]
[BlackElo "2266"]

1. e4 e5 2. Nf3 Nc6 3. d4 exd4 4. Nxd4 Nf6 5. Nc3 Bb4 6. Nxc6 bxc6 7. Bd3 O-O 8.
O-O Re8 9. Bg5 Rb8 10. Qf3 h6 11. Bxf6 Qxf6 12. Qxf6 gxf6 13. Nd1 Bc5 14. b3 d5
15. exd5 cxd5 16. Ne3 c6 17. Nf5 h5 18. Rfe1 Re5 19. Nh4 Bd4 20. Rab1 Kf8 21.
Nf3 Rxe1+ 22. Rxe1 Bc3 23. Re3 c5 24. h3 Be6 25. Kh2 Ba5 26. g3 c4 27. Bf1 Bb6
28. Re2 Rc8 29. Kg2 Bf5 30. Ne1 Rc6 31. f3 Be6 32. Kh2 Bc7 33. Ng2 Ra6 34. c3
cxb3 35. axb3 Ra1 36. Re1 Ra2 37. Re2 Ra3 38. Ne3 Rxb3 39. Rc2 h4 40. Kg2 Bxg3
41. Bd3 a5 42. Nf5 Be5 43. Nxh4 Rxc3 44. Rxc3 Bxc3 45. Nf5 a4 46. Ne3 a3 47. Bb1
d4 48. Nd1 a2 49. Bxa2 Bxa2 50. Kf2 Kg7 51. Nxc3 dxc3 52. Ke2 Bb1 53. Ke3 Kg6
54. Ke2 Kg5 55. Ke3 Kh4 56. Ke2 Kxh3 57. Ke3 Kg3 58. Ke2 Bf5 59. Ke3 c2 60. Ke2
c1=Q 61. f4 Qc3 0-1

[Event "Polonia-Italia"]
[Site "http://www.queenalice.com/game.php?id=827424"]
[Date "2010.9.3"]
[Round "-"]
[White "pgierech"]
[Black "caterina"]
[Result "0-1"]
[WhiteElo "2034"]
[BlackElo "2259"]

1. e4 e5 2. f4 exf4 3. Nf3 g5 4. Bc4 Nc6 5. d4 g4 6. Ne5 Nxe5 7. dxe5 Qh4+ 8.
Kf1 f3 9. gxf3 Bc5 10. Qe2 gxf3 11. Qxf3 d5 12. Bxd5 Bh3+ 13. Ke2 Bg4 14. Rf1
Bxf3+ 15. Rxf3 Qxh2+ 16. Kd3 O-O-O 17. Bg5 Rxd5+ 18. exd5 Qxe5 19. Bf4 Qxb2 0-1

[Event "Caterina contro Eros"]
[Site "http://www.queenalice.com/game.php?id=828148"]
[Date "2010.9.5"]
[Round "-"]
[White "caterina"]
[Black "ernesto_che"]
[Result "1-0"]
[WhiteElo "2245"]
[BlackElo "2198"]

1. e4 c5 2. Nf3 Nc6 3. Nc3 Nf6 4. d4 cxd4 5. Nxd4 d6 6. Bc4 e6 7. O-O Be7 8. Be3
O-O 9. Qe2 e5 10. Nf3 a6 11. Rfd1 Qc7 12. h3 Bd7 13. Nd5 Nxd5 14. Bxd5 Rad8 15.
Rd3 Nb4 16. Rc3 Qa5 17. Bb3 d5 18. Nxe5 f6 19. Nxd7 Rxd7 20. Qg4 Rfd8 21. Qe6+
Kh8 22. Bb6 1-0

[Event "Challenge"]
[Site "http://www.queenalice.com/game.php?id=839445"]
[Date "2010.9.29"]
[Round "-"]
[White "caterina"]
[Black "raszytko"]
[Result "1-0"]
[WhiteElo "2327"]
[BlackElo "2462"]

1. e4 e5 2. Nf3 Nf6 3. d4 Nxe4 4. Bd3 d5 5. Nxe5 Nd7 6. O-O Nxe5 7. dxe5 Nc5 8.
Be3 Be7 9. Be2 O-O 10. c4 dxc4 11. Bxc4 Be6 12. Bxe6 Nxe6 13. Nc3 Bc5 14. Bxc5
Nxc5 15. Qe1 Qh4 16. Qe3 Ne6 17. f4 c5 18. Nb5 Rad8 19. Nd6 b6 20. Qe4 Nd4 21.
b4 Rd7 22. bxc5 bxc5 23. Rac1 Qe7 24. Qd3 Rc7 25. Rfd1 Qh4 26. Qc4 Rd7 27. Rf1
Rb8 28. Rb1 Rxb1 29. Rxb1 Qd8 30. h3 h6 31. Kh1 Rc7 32. Kh2 Kh7 33. Rb7 f5 34.
Kg3 Qd7 35. Rb8 Qe6 36. Qxe6 Nxe6 37. Nxf5 c4 38. Ne3 c3 39. Nc2 Kg6 40. Kf3 Rc4
41. g3 h5 42. Ke2 Ra4 43. Rc8 h4 44. Rc6 hxg3 45. Rxe6+ Kf5 46. Rc6 Rxf4 47.
Rxc3 Rf2+ 48. Ke3 Kxe5 49. Nb4 Ke6 50. Rc2 a5 51. Nc6 Rxc2 52. Nd4+ Kd5 53. Nxc2
Kc4 54. Na3+ Kb4 55. Nb1 Kc4 56. Kf3 g2 57. Kxg2 Kd4 58. Kf3 Ke5 59. Kg4 Kd4 60.
Kh5 Kd3 61. Kg6 a4 62. Kxg7 Kc2 63. Na3+ Kc3 64. Nb5+ Kb4 65. h4 Kxb5 66. h5 Kb4
67. h6 Ka3 68. h7 Kxa2 69. h8=Q a3 70. Qb8 Ka1 71. Qe5+ Kb1 72. Qb5+ Kc2 73.
Qc4+ Kd2 74. Kf6 Ke3 75. Ke5 a2 76. Qxa2 Kf3 77. Qd2 Kg3 78. Ke4 Kg4 79. Qg2+
Kh5 80. Kf5 1-0

[Event "Challenge"]
[Site "http://www.queenalice.com/game.php?id=840326"]
[Date "2010.10.1"]
[Round "-"]
[White "caterina"]
[Black "chessprm"]
[Result "1-0"]
[WhiteElo "2292"]
[BlackElo "2426"]

1. e4 c6 2. Nf3 d5 3. e5 Bg4 4. d4 e6 5. Nbd2 c5 6. h3 Bh5 7. Be2 cxd4 8. Nxd4
Bxe2 9. Qxe2 Ne7 10. O-O Nbc6 11. N2f3 Nxd4 12. Nxd4 Ng6 13. f4 Qb6 14. Be3 Bc5
15. c3 O-O 16. b4 Be7 17. f5 exf5 18. Nxf5 Qe6 19. Rae1 a5 20. b5 Rac8 21. Bd4
Rc7 22. Qf2 Bd8 23. h4 Ne7 24. Nd6 Nc8 25. Qf4 Be7 26. Nf5 Kh8 27. Re3 a4 28. b6
Rc4 29. Rg3 Rg8 30. Nxe7 Nxe7 31. Qxf7 Rc6 32. Rf6 Qxf7 33. Rxf7 Re6 34. Bc5 Ng6
35. h5 Nxe5 36. Rxb7 g6 37. hxg6 Rgxg6 38. Rxg6 Rxg6 39. Rb8+ 1-0

[Event "Challenge"]
[Site "http://www.queenalice.com/game.php?id=842593"]
[Date "2010.10.6"]
[Round "-"]
[White "caterina"]
[Black "ernesto_che"]
[Result "1-0"]
[WhiteElo "2274"]
[BlackElo "2180"]

1. e4 c5 2. Nc3 Nc6 3. Nf3 g6 4. d4 cxd4 5. Nxd4 Bg7 6. Be3 Nf6 7. Nxc6 bxc6 8.
e5 Ng8 9. f4 Nh6 10. Qf3 O-O 11. O-O-O Qa5 12. Rd4 Nf5 13. Ra4 Qc7 14. Bf2 Rd8
15. g4 Nh6 16. h3 Bb7 17. Bg2 d6 18. exd6 Rxd6 19. Bc5 Rd7 20. f5 a5 21. Qe3
Rad8 22. fxg6 hxg6 23. Bb6 1-0

[Event "Fammi riprovare"]
[Site "http://www.queenalice.com/game.php?id=847670"]
[Date "2010.10.18"]
[Round "-"]
[White "ernesto_che"]
[Black "caterina"]
[Result "0-1"]
[WhiteElo "2190"]
[BlackElo "2283"]

1. Nf3 Nf6 2. e4 Nxe4 3. d3 Nf6 4. c4 d5 5. Be2 Nc6 6. cxd5 Nxd5 7. Nc3 e5 8.
Qb3 Nb6 9. O-O Be7 10. Be3 O-O 11. Ne4 Qd5 12. Qc3 f5 13. Nc5 Kh8 14. Rfc1 Qd6
15. Qb3 Rb8 16. Rc2 Nd5 17. Bd2 b6 18. Na4 e4 0-1